000 00889nam a2200205 a 4500
001 49352
005 20180714034018.0
008 140415s2004 mx 000 0 spa d
020 _a9701046110
041 _aspa
082 _a001.42
_bMOR
100 1 _aMORLOTE SAMPERIO, NORMA
245 1 0 _aMETODOLOGIA DE LA INVESTIGACION :
_bCUADERNO DE TRABAJO
250 _a1a ed.
260 _aMEXICO :
_bMCGRAW-HILL INTERAMERICANA EDITORES,
_c2004
300 _a194
_c21 x 1.2 x 27
520 _aEL TEXTO ES RESULTADO DE LA EXPERIENCIA MEDIANTE LAS NECESIDADES DE LOS ALUMNOS Y PROFESORES. ES UN MANUAL DE ACTIVIDADES,APOYANDO LA FORMA PRACTICA Y SENCILLA DE COMPRENCION Y APRENDIZAJE DE LOS CONCEPTOS FUNDAMENTALES QUE PUEDEN APLICARSE EN SITUACIONES REALES RESOLUCIONANDO PROBLEMAS.
650 1 4 _aMETODOLOGIA
_xINVESTIGACION
700 1 _aCELISEO SANTAMARIA, RODRIGO
_ecoaut.
999 _c49352
_d49352